Arsenal Goalkeeper By Year - Statistics

General Stats
  • This quiz has been taken 1,463 times
    440 since last reset
  • The average score is 31 of 75
Answer Stats
Season Goalkeeper % Correct
2024-25 David Raya
96%
2023-24 David Raya
96%
2022-23 Aaron Ramsdale
89%
2021-22 Aaron Ramsdale
89%
2017-18 Petr Čech
88%
2016-17 Petr Čech
88%
2015-16 Petr Čech
88%
2020-21 Bernd Leno
85%
2019-20 Bernd Leno
85%
2018-19 Bernd Leno
85%
2006-07 Jens Lehmann
81%
2005-06 Jens Lehmann
81%
2004-05 Jens Lehmann
81%
2003-04 Jens Lehmann
81%
2002-03 David Seaman
80%
2001-02 David Seaman
80%
2000-01 David Seaman
80%
1999-00 David Seaman
80%
1998-99 David Seaman
80%
1997-98 David Seaman
80%
1996-97 David Seaman
80%
1995-96 David Seaman
80%
1994-95 David Seaman
80%
1993-94 David Seaman
80%
1992-93 David Seaman
80%
1991-92 David Seaman
80%
1990-91 David Seaman
80%
2013-14 Wojciech Szczęsny
69%
2012-13 Wojciech Szczęsny
69%
2011-12 Wojciech Szczęsny
69%
2010-11 Wojciech Szczęsny
69%
2014-15 David Ospina
59%
2009-10 Manuel Almunia
59%
2008-09 Manuel Almunia
59%
2007-08 Manuel Almunia
59%
1989-90 John Lukic
18%
1988-89 John Lukic
18%
1987-88 John Lukic
18%
1986-87 John Lukic
18%
1985-86 John Lukic
18%
1984-85 John Lukic
18%
1983-84 Pat Jennings
15%
1980-81 Pat Jennings
15%
1979-80 Pat Jennings
15%
1978-79 Pat Jennings
15%
1977-78 Pat Jennings
15%
1973-74 Bob Wilson
14%
1972-73 Bob Wilson
14%
1971-72 Bob Wilson
14%
1970-71 Bob Wilson
14%
1969-70 Bob Wilson
14%
1968-69 Bob Wilson
14%
1982-83 George Wood
6%
1981-82 George Wood
6%
1976-77 Jimmy Rimmer
6%
1975-76 Jimmy Rimmer
6%
1974-75 Jimmy Rimmer
6%
1961-62 Jack Kelsey
5%
1960-61 Jack Kelsey
5%
1959-60 Jack Kelsey
5%
1958-59 Jack Kelsey
5%
1957-58 Jack Kelsey
5%
1956-57 Jack Kelsey
5%
1955-56 Jack Kelsey
5%
1954-55 Jack Kelsey
5%
1953-54 Jack Kelsey
5%
1952-53 Jack Kelsey
5%
1967-68 Jim Furnell
4%
1966-67 Jim Furnell
4%
1965-66 Jim Furnell
4%
1963-64 Jim Furnell
4%
1951-52 George Swindin
3%
1950-51 George Swindin
3%
1964-65 Tony Burns
3%
1962-63 Jack McClelland
2%
No matching quizzes found
Score Distribution
Percent of People with Each Score
Percentile by Number Answered
Your Score History
You have not taken this quiz since the last reset